Molecular modeling basics / (Record no. 38694)

MARC details
000 -LEADER
fixed length control field 00651cam a2200205 a 4500
001 - CONTROL NUMBER
control field vtls003207599
003 - CONTROL NUMBER IDENTIFIER
control field MY-SjTCS
005 - DATE AND TIME OF LATEST TRANSACTION
control field 20200306163037.0
008 - FIXED-LENGTH DATA ELEMENTS--GENERAL INFORMATION
fixed length control field 110218s2010 flua b 001 0 eng
020 ## - INTERNATIONAL STANDARD BOOK NUMBER
International Standard Book Number 9781420075267 (pbk.)
039 #9 - LEVEL OF BIBLIOGRAPHIC CONTROL AND CODING DETAIL [OBSOLETE]
Level of rules in bibliographic description 201102181824
Level of effort used to assign nonsubject heading access points VLOAD
Level of effort used to assign subject headings 201011291445
Level of effort used to assign classification wilmina
-- 201009031607
-- malathy
082 00 - DEWEY DECIMAL CLASSIFICATION NUMBER
Classification number 541.22
Item number JEN 2010
100 1# - MAIN ENTRY--PERSONAL NAME
Personal name Jensen, Jan H.,
Dates associated with a name 1969-
9 (RLIN) 226273
245 10 - TITLE STATEMENT
Title Molecular modeling basics /
Statement of responsibility, etc. Jan H. Jensen.
260 ## - PUBLICATION, DISTRIBUTION, ETC.
Place of publication, distribution, etc. Boca Raton :
Name of publisher, distributor, etc. Taylor & Francis,
Date of publication, distribution, etc. c2010.
300 ## - PHYSICAL DESCRIPTION
Extent xiii, 175 p. :
Other physical details ill. ;
Dimensions 24 cm.
500 ## - GENERAL NOTE
General note Includes index.
650 #0 - SUBJECT ADDED ENTRY--TOPICAL TERM
Topical term or geographic name entry element Molecules
General subdivision Models.
9 (RLIN) 226274
920 ## - Programme
Programme ADTP : 150923
Holdings
Withdrawn status Lost status Source of classification or shelving scheme Damaged status Not for loan Collection code Home library Current library Date acquired Cost, normal purchase price Total Checkouts Barcode Date last seen Copy number Cost, replacement price Koha item type Public note
Withdrawn   Dewey Decimal Classification     Please fill up online form at https://taylorslibrary.taylors.edu.my/services/external_storage1 Taylor's Library-TU TU External Storage-LCS 20/10/2010 165.00   5000103420 05/12/2019 1 165.00 Main Collection SLASx,05000,03,GR